01011nam a2200169Ia 4500008004100000100001600041245004400057260003200101300000800133650003100141942001600172999001500188952017000203952015200373952015800525952015800683191201s2018 xx 000 0 und d aMURUGESH, N 0aAnatomy Physiology and Health education bSathya PubaNew Delhic2018 a284 aHuman Anatomy & Physiology 2ddccBK017 c8239d8239 00102ddc40708DPaPIETbPIETd2019-03-25eKirti Prakashang200.00kIN 3091l1o612 MUApDP167q2021-10-22r2021-10-08 00:00:00s2021-10-08v150.00w2019-03-12yBK 00102ddc40708DPaPIETbPIETcR05d2019-03-25eKirti Prakashang200.00kIN 3091l0o612 MUApDP168r2019-12-04 00:00:00v150.00w2019-03-12yREF 00102ddc40708DPaPIETbPIETd2019-03-25eKirti Prakashang200.00kIN 3091l8o612 MUApDP169r2023-02-20 00:00:00s2023-02-08v150.00w2019-03-12yBK 00102ddc40708DPaPIETbPIETd2019-03-25eKirti Prakashang200.00kIN 3091l9o612 MUApDP170r2022-07-22 00:00:00s2022-07-20v150.00w2019-03-12yBK